000 00311nam a22001337a 4500
008 170809b xxu||||| |||| 00| 0 eng d
020 _a9780070634176
041 _aeng
080 _27TH
_a004
100 _a35
101 _aSHK
245 _aSYSTEMS ANALYSIS AND DESIGN METHODS
_cWHITTEN,J.L
942 _2udc
_cBK
999 _c22932
_d22932